Statistics for flag quiz

Click here to take the quiz!

General Stats

  • This quiz has been taken 14 times
  • The average score is 11 of 16

Answer Stats

Answer% Correct
Australia
100%
Norway
100%
South korea
100%
Sweden
100%
Estonia
93%
Japan
86%
Germany
79%
Italy
79%
China
71%
United States
64%
Spain
57%
Belgium
50%
Mexico
43%
Turkey
36%
America
21%
United Kindom
21%

Score Distribution

Percentile by Number Answered

Percent of People with Each Score

Your Score History

You have not taken this quiz